Le chèvrefeuille (Record no. 170247)

MARC details
000 -LEADER
campo de control de longitud fija 00713nam a2200193 i 4500
001 - NÚMERO DE CONTROL
campo de control 170247
003 - IDENTIFICADOR DE NÚMERO DE CONTROL
campo de control ES-MaACL
005 - FECHA Y HORA DE LA ÚLTIMA TRANSACCIÓN
campo de control 20240510063136.0
008 - DATOS DE LONGITUD FIJA--INFORMACIÓN GENERAL
campo de control de longitud fija 090216s1940 it |||| | fre d
080 ## - NÚMERO DE LA CLASIFICACIÓN DECIMAL UNIVERSAL
Número de la Clasificación Decimal Universal 821.131.1-2"19"
100 1# - ENTRADA PRINCIPAL--NOMBRE DE PERSONA
Nombre de persona D'Annunzio, Gabriele,
Fechas asociadas al nombre 1863-1938
9 (RLIN) 42351
245 13 - MENCIÓN DEL TÍTULO
Título Le chèvrefeuille
Resto del título : [tragédie en trois actes (1914)] /
Mención de responsabilidad, etc. Gabriele D'Annunzio.
260 ## - PUBLICACIÓN, DISTRIBUCIÓN, ETC.
Lugar de publicación, distribución, etc. [Roma] :
Nombre del editor, distribuidor, etc. Il Vittoriale degli Italiani,
Fecha de publicación, distribución, etc. 1940-XVIII.
300 ## - DESCRIPCIÓN FÍSICA
Extensión 179 p. ;
Dimensiones 23 cm.
490 1# - MENCIÓN DE SERIE
Mención de serie Opere di Gabriele D'Annunzio ;
Designación de volumen o secuencia 32
830 0# - PUNTO DE ACCESO ADICIONAL DE SERIE-TÍTULO UNIFORME
Título uniforme Opere di Gabriele D'Annunzio ;
Designación de volumen o secuencia 32
9 (RLIN) 222996
852 4# - LOCALIZACIÓN
Ubicación ES-MaACL
Número de control de estantería E-12462
itemnumber R.140584
Nota libre . - Biblioteca Jacinto Martínez Lacalle
Holdings
Estatus retirado Estado de pérdida Estado de daño No para préstamo Biblioteca de origen Biblioteca actual Ubicación en estantería Fecha de adquisición Fuente de adquisición Total de préstamos Signatura topográfica completa Código de barras Visto por última vez Precio de reemplazo Tipo de ítem Koha
        Biblioteca del Ateneo de Madrid Biblioteca del Ateneo de Madrid Depósito 2 16/02/2009     E-12462 1178732 23/02/2023 23/02/2023 Libro impreso